Инновационные технологии в образовании и науке (Запись № 11719395)

Подробности
000 -МАРКЕР
контрольное поле 01998nam1a2200265 i 4500
001 - ИДЕНТИФИКАТОР ЗАПИСИ
контрольное поле RU\NLR\BIBL_A\011444452
005 - ИДЕНТИФИКАТОР ВЕРСИИ
контрольное поле 20260503064041.0
035 ## - ДРУГИЕ СИСТЕМНЫЕ НОМЕРА
Идентификатор записи (NLR Aleph) 011444452
100 ## - ДАННЫЕ ОБЩЕЙ ОБРАБОТКИ
Данные общей обработки 20170725d2017 k y0rusy50 ca
101 0# - ЯЗЫК РЕСУРСА
Язык текста, звукозаписи и т.д. русский
102 ## - СТРАНА ПУБЛИКАЦИИ ИЛИ ПРОИЗВОДСТВА
Страна публикации Российская Федерация
105 ## - ПОЛЕ КОДИРОВАННЫХ ДАННЫХ: ТЕКСТОВЫЕ МАТЕРИАЛЫ, МОНОГРАФИЧЕСКИЕ
Кодированные данные о монографическом текстовом документе ||||z |||||
200 1# - ЗАГЛАВИЕ И СВЕДЕНИЯ ОБ ОТВЕТСТВЕННОСТИ
Основное заглавие Инновационные технологии в образовании и науке
Сведения, относящиеся к заглавию сборник материалов Международной научно-практической конференции [Чебоксары, 7 мая 2017 г.
-- в 2 т.
Первые сведения об ответственности редакционная коллегия: Яковлева Татьяна Валериановна, ответственный редактор и др.]
210 ## - ПУБЛИКАЦИЯ, РАСПРОСТРАНЕНИЕ И ДР.
Место издания, распространения и т.д. Чебоксары
Имя издателя, распространителя и т. д. Интерактив плюс
Дата издания, распространения и т.д. 2017
215 ## - ФИЗИЧЕСКАЯ ХАРАКТЕРИСТИКА
Размеры 20
300 ## - ОБЩИЕ ПРИМЕЧАНИЯ
Текст примечания В надзаг.: Федер. гос.бюджет. образоват. учреждение высш. образования "Чувашский гос. ун-т им. И.Н. Ульянова", Актюбинский регион. гос. ун-т им. К. Жубанова, Кыргызский экон. ун-т им. М. Рыскулбекова, Центр науч. сотрудничества "Интерактив плюс"
606 1# - НАИМЕНОВАНИЕ ТЕМЫ КАК ПРЕДМЕТ
Наименование темы Научные конференции
Формальный подзаголовок Сборники
Географический подзаголовок Чебоксары, город (Чувашия)
Системный номер авторитетной/нормативной записи 2283203
Идентификатор авторитетной/нормативной записи RU\NLR\AUTH\6601595881
686 1# - ИНДЕКСЫ ДРУГИХ КЛАССИФИКАЦИЙ
Индекс Я431(2Р-6Чу-4Че)
702 #1 - ИМЯ ЛИЦА - ВТОРИЧНАЯ ОТВЕТСТВЕННОСТЬ
Код отношения Редактор
Начальный элемент ввода Яковлева
Часть имени, кроме начального элемента ввода Т. В.
Дополнения к именам, кроме дат специалист в обл. образования
Расширение инициалов личного имени Татьяна Валериановна
Системный номер авторитетной/нормативной записи 132337
Идентификатор авторитетной/нормативной записи RU\NLR\AUTH\770132371
711 12 - НАИМЕНОВАНИЕ ОРГАНИЗАЦИИ - АЛЬТЕРНАТИВНАЯ ОТВЕТСТВЕННОСТЬ
Начальный элемент ввода "Инновационные технологии в образовании и науке", международная научно-практическая конференция
Место проведения временной организации Чебоксары
Дата проведения временной организации 2017
Системный номер авторитетной/нормативной записи 564322
Идентификатор авторитетной/нормативной записи RU\NLR\AUTH\880450368
852 ## - МЕСТОНАХОЖДЕНИЕ И ШИФР ХРАНЕНИЯ
Идентификатор организации NLR
Шифр хранения (Call Number) 2017-3/20823
942 ## - ДОПОЛНИТЕЛЬНЫЕ ЭЛЕМЕНТЫ ЗАПИСИ (АБИС)
Тип экземпляра АБИС Книга

Нет доступных экземпляров.